000 00354nam a2200133Ia 4500
005 20251222153557.0
008 251222s9999||||xx |||||||||||||| ||spa||
082 _a373.31/S55
100 _a Silva Santisteban, Luis
245 0 _aEnsayos sobre Metodología de las Ciencias Sociales
250 _a1ra. ed.
264 _bUniversidad de Lima
942 _cLIB
999 _c31096
_d31096